| 000 | 00703nam a22002055i 4500 | ||
|---|---|---|---|
| 001 | 154232 | ||
| 003 | ES-MaACL | ||
| 005 | 20250822074253.0 | ||
| 008 | 940202s1874 sp |||| | spa d | ||
| 040 |
_aCAM _bspa |
||
| 100 | 1 |
_aGarcía Ladevese, Ernesto. _954806 |
|
| 245 | 1 | 4 |
_aLas grandes miserias _b: historia de dos crimenes / _cErnesto García Ladevese. |
| 260 |
_aMadrid : _bR. Labajos, Editor, _c1874. |
||
| 300 |
_a238 p. ; _c19 cm. |
||
| 490 | 1 | _aDramas ocultos de Madrid | |
| 700 | 1 | 1 |
_aLabajos, Roque, _d1850-1899 _eed. _9128537 |
| 830 | 0 |
_aDramas ocultos de Madrid _9221469 |
|
| 852 |
_aES-MaACL _jG-10729(3) _z-- Enc. hol. _q-- Falto de la cub. original |
||
| 999 |
_c154232 _d154232 |
||